| 000 | 00493nam a22001697a 4500 | ||
|---|---|---|---|
| 999 |
_c523864 _d523864 |
||
| 003 | NUST | ||
| 038 | _awaseem | ||
| 082 |
_a820.9 _bFAR |
||
| 100 |
_aFarooqi, Muhammad Ahsan _914682 |
||
| 245 |
_aTarikh-e-Adab-e-Engrazi / _cMuhammad Ahsan Farooqi |
||
| 260 |
_aIslamabad : _bMuqtidara Qumi Zuban, _c1996. |
||
| 300 | _a616 p. ; | ||
| 500 | _aPaperback. | ||
| 880 |
_6100-02\r _aمحمد احسن فاروقی |
||
| 880 |
_6245-02\r _aتاریخِ ادبِ انگریزی / |
||
| 942 |
_2ddc _cBK |
||